| 000 | 01367nam a22003017a 4500 | ||
|---|---|---|---|
| 001 | BRCA_9254 | ||
| 003 | FranzMayer | ||
| 005 | 20230717140023.0 | ||
| 008 | 230714b |||||||| |||| 00| 0 eng d | ||
| 020 | _a9781447323977 | ||
| 040 |
_aMFM _besp _cMFM |
||
| 041 | _aesp | ||
| 050 | 0 |
_aNK8908.N52.2 _bB53 2022 |
|
| 110 | 1 |
_aBlanton Museum of Art _928712 |
|
| 240 | 1 |
_aPainted Clothes: Fashion and Ritual in Colonial Latin America _lenglish |
|
| 245 | 0 |
_aPainted Cloth _bFashion and Ritual in Colonial Latin America |
|
| 260 |
_aChina _bBlanton Museum of Art _c2022 |
||
| 300 |
_a229 p _bilustraciones a color _c27 cm _eEl libro viene en una caja de cartón complementaria |
||
| 500 | _aL60/N4 | ||
| 505 | 0 | _aTítulo del lomo: Painted ClothAcompañado de: Caja protectora de cartón duroDestinado a: Diseñadores, diseñadores de moda, investigadores, antropólogos, historiadoresTexto en: inglésIncluye índice (temático)Incluye glosarioBibliografía 187-200 pIncluye referencias bibliográficas e índice | |
| 610 | 1 |
_aBlanton Museum of Art _928713 |
|
| 650 | 1 |
_2Artes decorativas _aTextiles _928714 _vLatinoamerica |
|
| 651 |
_2Latinoamérica _aNueva España _vColonial _928837 |
||
| 700 | 1 |
_4Ed. _aGranados I, Rosaro _928715 |
|
| 710 | 2 |
_4Dist _aTower Books _928716 |
|
| 710 | 2 |
_4Imp. _aUniversity of Texas Press, Austin _928717 |
|
| 942 |
_2lcc _cB |
||
| 999 |
_c10873 _d10873 |
||